| 000 | 00436cam a2200181ua 4500 | ||
|---|---|---|---|
| 001 | 1808 | ||
| 008 | 110811n ii |||gr||||Z||||||eng | ||
| 040 | _cMAIN | ||
| 082 | _a370.15 | ||
| 100 | _aChoube, S P, | ||
| 245 | 1 |
_aEducational psychology. _cBY S P Choube |
|
| 250 | _a1st. | ||
| 260 |
_aAgra: _bLakhmi Narayan Agarwal. |
||
| 300 |
_a459 p.: _c23 cm. |
||
| 653 | _aEducation. | ||
| 653 | _aPsychology of education. | ||
| 942 | _cBK | ||
| 999 |
_c1692 _d1692 |
||